[Event "NIO"]
[Site "Moscow, ID"]
[Date "2006.07.22"]
[Round "1.5"]
[White "Harris, Brent C"]
[Black "Meservy, Tyler James"]
[Result "0-1"]
[WhiteElo "619"]
[BlackElo "1701"]

1. e4 d6 2. Nf3 Nf6 3. Nc3 c5 4. d4 cxd4 5. Nxd4 Nc6 6. Be3 a6 7. Bd3 Bd7 8.
a4 g6 9. Ra3 e6 10. f4 Qa5 11. Qd2 Rd8 12. Rb3 e5 13. fxe5 Nxe5 14. Be2 Qc7
15. Bg5 Be7 16. Rf1 Ng8 17. Rb4 Be6 18. b3 Bxg5 19. Qxg5 Qxc3+ 20. Kd1 Qxb4
21. Bg4 Qxd4+ 22. Qd2 Bxg4+ 23. Kc1 Qxd2+ 24. Kxd2 Ne7 25. h3 Be6 26. Re1 d5
27. g4 dxe4+ 28. Kc1 f5 29. b4 Rc8 30. Re2 Nd5 31. b5 Nf4 32. Rf2 Nfd3+ 33.
Kd2 Nxf2 34. c3 fxg4 35. hxg4 Rd8+ 36. Kc2 e3 37. g5 Rd2+ 38. Kc1 Nc4 39. b6
e2 40. a5 e1=Q# 0-1

[Event "NIO"]
[Site "Moscow, ID"]
[Date "2006.07.22"]
[Round "2.1"]
[White "Roland, Jeffrey T"]
[Black "Eacker, David Jonathan"]
[Result "0-1"]
[WhiteElo "1700"]
[BlackElo "1751"]

1. e4 e6 2. d4 d5 3. Nc3 Bb4 4. e5 c5 5. a3 Bxc3+ 6. bxc3 Ne7 7. Bd3 Nbc6 8.
Nf3 Qc7 9. O-O Bd7 10. Rb1 c4 11. Be2 O-O-O 12. Ng5 Rdf8 13. f4 f6 14. Nf3 h5
15. Nh4 g6 16. Nf3 Nf5 17. exf6 Rxf6 18. Ne5 Nxe5 19. fxe5 Rf7 20. h4 Rhf8 21.
Bg5 Qa5 22. Qd2 Bc6 23. g4 hxg4 24. Bxg4 Qc7 25. Rf2 Kb8 26. Rbf1 Bd7 27. Bf6
Ng3 28. Be7 Nxf1 29. Qh6 Rxf2 30. Bxf8 Ne3 31. Bd6 Rf1+ {#R} 0-1

[Event "NIO"]
[Site "Moscow, ID"]
[Date "2006.07.22"]
[Round "2.2"]
[White "Barredo, Wilson Indoc"]
[Black "Martin, Robert A"]
[Result "1-0"]
[WhiteElo "1673"]
[BlackElo "1743"]

1. e4 e6 2. d4 d5 3. Nd2 Nf6 4. e5 Nfd7 5. Ngf3 c5 6. c3 Nc6 7. Be2 Be7 8. O-O
O-O 9. Re1 f6 10. exf6 Nxf6 11. Nb3 c4 12. Nbd2 b5 13. Ne5 Nxe5 14. dxe5 Nd7
15. Bg4 Nc5 16. Nf3 Nd3 17. Rf1 Bc5 18. b4 cxb3 19. Qxd3 b2 20. Bxb2 Bd7 21.
Bc1 Qb6 22. Be3 Bxe3 23. fxe3 h6 24. Nd4 a6 25. Qg6 Rae8 26. Be2 Rf5 27. Nxf5
{#r} 1-0

[Event "NIO"]
[Site "Moscow, ID"]
[Date "2006.07.22"]
[Round "2.3"]
[White "Meservy, Tyler James"]
[Black "Walton, John C"]
[Result "1-0"]
[WhiteElo "1701"]
[BlackElo "1580"]

1. c4 Nf6 2. Nc3 d6 3. e4 e5 4. g3 Be7 5. Bg2 c6 6. Nge2 Be6 7. d3 Qd7 8. f4
Bh3 9. O-O Bxg2 10. Kxg2 O-O 11. f5 Na6 12. h3 d5 13. g4 dxe4 14. g5 exd3 15.
gxf6 Bxf6 16. Ng3 Rad8 17. Be3 Rfe8 18. Nge4 b5 19. cxb5 cxb5 20. a3 Qc6 21.
Kh2 Rd4 22. Qf3 Nc5 23. Nxc5 Qxc5 24. Ne4 Qc6 25. Nxf6+ Qxf6 26. Bxd4 exd4 27.
Rad1 Re2+ 28. Kh1 {#r} 1-0

[Event "NIO"]
[Site "Moscow, ID"]
[Date "2006.07.22"]
[Round "2.4"]
[White "Middaugh, Jon Scott"]
[Black "Keele, Stephen"]
[Result "1-0"]
[WhiteElo "1912"]
[BlackElo "1099"]

1. d4 d5 2. c4 c6 3. Nc3 Nf6 4. Nf3 Bg4 5. Ne5 Bh5 6. Qb3 e6 7. Qxb7 Nbd7 8.
Nxc6 Qc8 9. Qxc8+ Rxc8 10. cxd5 Nxd5 11. Nxa7 Ra8 12. Nab5 N7b6 13. Nxd5 Nxd5
14. e4 Rd8 15. exd5 exd5 16. Nc7+ Kd7 17. Nxd5 Kc6 18. Nc3 Rxd4 19. Bb5+ Kc7
20. Bf4+ Bd6 21. Bxd6+ Rxd6 22. O-O Rhd8 23. f3 Rd2 24. b3 Rc2 25. Rac1 Rcd2
26. Ne4+ Kb6 27. Nxd2 Kxb5 28. a4+ {#r} 1-0

[Event "NIO"]
[Site "Moscow, ID"]
[Date "2006.07.22"]
[Round "2.5"]
[White "Anderson, Mark"]
[Black "Harris, Brent C"]
[Result "1-0"]
[WhiteElo "1738"]
[BlackElo "619"]

1. Nf3 d5 2. d4 Nc6 3. h3 Nf6 4. c4 e6 5. a3 Bd6 6. Bg5 h6 7. Bd2 Ne4 8. e3 e5
9. cxd5 Ne7 10. dxe5 Bxe5 11. Nxe5 f6 12. Qh5+ g6 13. Nxg6 Nxg6 14. Qxg6+ Kd7
15. Qxe4 Kd6 16. Qf4+ Kxd5 17. Bc4+ Kc5 18. Bb4+ Kb6 19. Nc3 a5 20. Na4+ Kc6
21. Qe4+ Kd7 22. Qe6# 1-0

[Event "NIO"]
[Site "Moscow, ID"]
[Date "2006.07.22"]
[Round "3.1"]
[White "Eacker, David Jonathan"]
[Black "Barredo, Wilson Indoc"]
[Result "0-1"]
[WhiteElo "1751"]
[BlackElo "1673"]

1. d4 Nf6 2. c4 g6 3. Nc3 Bg7 4. e4 d6 5. Nf3 O-O 6. Be2 Nbd7 7. O-O e5 8. d5
a5 9. Bg5 h6 10. Bh4 Qe8 11. Qc2 Nc5 12. Nd2 Bd7 13. f3 Nh5 14. Bf2 Na4 15.
Nxa4 Bxa4 16. b3 Nf4 17. Bd3 Nxd3 18. Qxd3 Bd7 19. Be3 f5 20. Rac1 f4 21. Bf2
b6 22. a3 g5 23. Rc2 h5 24. h3 Qg6 25. b4 g4 26. hxg4 hxg4 27. fxg4 Bxg4 28.
Nf3 Bf6 29. Rfc1 axb4 30. axb4 Kf7 31. c5 bxc5 32. bxc5 Rg8 33. cxd6 cxd6 34.
Rc7+ Kf8 35. Ne1 Qh5 36. Qb3 Rh8 37. Bh4 Qxh4 38. Nf3 Bxf3 39. Qxf3 Qh1+ 40.
Kf2 Bh4+ 41. Ke2 Ra2+ 42. R7c2 Qxc1 {#R} 0-1

[Event "NIO"]
[Site "Moscow, ID"]
[Date "2006.07.22"]
[Round "3.2"]
[White "Meservy, Tyler James"]
[Black "Middaugh, Jon Scott"]
[Result "1/2-1/2"]
[WhiteElo "1701"]
[BlackElo "1912"]

1. c4 Nf6 2. Nc3 e6 3. e4 d6 4. d4 Be7 5. Nf3 O-O 6. Bd3 b6 7. h4 Bb7 8. e5
dxe5 9. dxe5 Ng4 10. Bxh7+ Kh8 11. Nd4 Kxh7 12. Qxg4 Rh8 13. Rh3 Kg8 14. Rg3
Rh7 15. Bh6 Qf8 16. Bg5 Nc6 17. Nf3 Rd8 18. Ne4 Bxg5 19. Qxg5 Qb4+ 20. Nfd2
Kh8 21. Rd1 Qe7 22. Qxe7 Nxe7 23. Ng5 Rf8 24. Nxh7 Kxh7 25. Nf3 Nf5 26. Ng5+
Kh6 27. Rgd3 Nxh4 28. Nh3 Bxg2 29. f4 f6 30. Ng1 {#d} 1/2-1/2

[Event "NIO"]
[Site "Moscow, ID"]
[Date "2006.07.22"]
[Round "3.3"]
[White "Anderson, Mark"]
[Black "Roland, Jeffrey T"]
[Result "1-0"]
[WhiteElo "1750"]
[BlackElo "1700"]

1. Nf3 Nf6 2. d4 d5 3. c4 e6 4. Bg5 Be7 5. Nc3 h6 6. Bh4 O-O 7. e3 b6 8. cxd5
exd5 9. Qb3 Be6 10. Bb5 a6 11. Be2 Nbd7 12. Qa4 b5 13. Qc2 c5 14. dxc5 Nxc5
15. O-O Rc8 16. Qd1 Nfe4 17. Bxe7 Nxc3 18. Bxd8 Nxd1 19. Be7 Nxb2 20. Bxf8
Rxf8 21. Nd4 Nc4 22. Rfd1 Ne4 23. Rac1 Nb2 24. Re1 Nc4 25. Rc2 Rc8 26. Bd3
Ned6 27. Rd1 Ne4 28. Nxe6 {#r} 1-0

[Event "NIO"]
[Site "Moscow, ID"]
[Date "2006.07.22"]
[Round "3.4"]
[White "Martin, Robert A"]
[Black "Mundee, Rickard A"]
[Result "1-0"]
[WhiteElo "1743"]
[BlackElo "1600"]

1. Nf3 Nf6 2. c4 g6 3. g3 Bg7 4. Bg2 O-O 5. d4 c5 6. d5 b5 7. Nfd2 d6 8. O-O
Nbd7 9. cxb5 a6 10. Nc3 Nb6 11. e4 Qc7 12. Qe2 c4 13. Nf3 Nfd7 14. Be3 Bxc3
15. bxc3 axb5 16. Nd4 Ba6 17. Bh6 Rfe8 18. Nc6 Bb7 19. Nd4 Ra5 20. Rfb1 Ba6
21. Nc6 Ra4 22. Qd2 Nc5 23. Bf3 Nbd7 24. Qd4 f6 25. Bd1 e5 26. Qe3 Ra3 27. Qc1
Rxc3 28. Qxc3 Nxe4 29. Qe3 f5 30. f3 Nef6 31. Qd2 Nb6 32. Qa5 Nfxd5 33. Qxa6
Qxc6 34. Qxb5 Qxb5 35. Rxb5 e4 36. Kf2 e3+ 37. Bxe3 Nxe3 38. Rxb6 d5 39. Ba4
Re7 40. Rd6 c3 41. Re1 {#r} 1-0

[Event "NIO"]
[Site "Moscow, ID"]
[Date "2006.07.22"]
[Round "3.5"]
[White "McCourt, Daniel J"]
[Black "Walton, John C"]
[Result "0-1"]
[WhiteElo "1685"]
[BlackElo "1580"]

1. e4 d6 2. d4 Nf6 3. Nc3 g6 4. f4 Bg7 5. e5 dxe5 6. dxe5 Qxd1+ 7. Kxd1 Ng4 8.
Ke1 c6 9. h3 Nh6 10. g4 f6 11. exf6 exf6 12. Bc4 Nd7 13. Be3 Nf7 14. Nf3 O-O
15. Kf2 Kh8 16. Rad1 Nd8 17. Kg3 Nb6 18. Bd3 Be6 19. Nd4 Bc4 20. b3 Bxd3 21.
Rxd3 Re8 22. f5 Bf8 23. fxg6 hxg6 24. h4 Bb4 25. Nde2 Ne6 26. h5 g5 27. Ne4
Nd5 28. Rf1 Nef4 29. Bxf4 Rxe4 30. Kf3 Rxe2 31. Kxe2 Nxf4+ 32. Rxf4 gxf4 33.
Rd7 Re8+ 34. Kf3 Re7 35. Rd8+ Kg7 36. Kxf4 Ba5 37. Rd3 Bc7+ 38. Kf3 Kh6 39. a4
Kg5 40. c4 Bb6 41. b4 a5 42. b5 cxb5 43. cxb5 Bc5 44. Rd5+ Re5 45. Rd3 b6 46.
Rc3 Rd5 47. Ke4 Rd4+ {#R} 0-1

[Event "NIO"]
[Site "Moscow, ID"]
[Date "2006.07.23"]
[Round "4.1"]
[White "Barredo, Wilson Indoc"]
[Black "Meservy, Tyler James"]
[Result "1/2-1/2"]
[WhiteElo "1673"]
[BlackElo "1701"]

1. e4 d6 2. d4 Nf6 3. Bd3 g6 4. Ne2 Bg7 5. Nd2 c5 6. O-O cxd4 7. Nxd4 Nc6 8.
N4b3 O-O 9. Kh1 Bg4 10. f3 Be6 11. c3 d5 12. Nc5 Bc8 13. Re1 e5 14. exd5 Nxd5
15. Bc4 Nf4 16. Nde4 b6 17. Bxf4 exf4 18. Bd5 Qc7 19. Nd3 Bb7 20. Qc2 Rad8 21.
Bb3 Na5 22. Ndf2 Nc4 23. Bxc4 Qxc4 24. Red1 Bd5 25. h3 f5 26. Nd2 Qc6 27. Nd3
Qc7 28. Nf1 a5 29. Rac1 g5 30. Nf2 Qf7 31. b3 h5 32. c4 Bb7 33. Nh2 Bd4 34.
Rd3 Rd7 35. Rcd1 Rfd8 36. a3 Bc5 37. Rxd7 Rxd7 38. Nd3 Bxa3 39. Ne5 Rxd1+ 40.
Qxd1 Qe7 41. Nd7 Qd8 42. Qd4 Be7 43. Qd3 Bc6 44. Ne5 Qxd3 45. Nxd3 Bd6 46. Kg1
a4 47. bxa4 Bxa4 48. Kf2 Bb3 49. Nf1 Bxc4 50. Nb2 Bc5+ 51. Ke1 Bb5 52. Nd2 Kf7
53. Nb3 Be3 54. Nd1 Bc4 55. Nd2 Bd5 56. Ke2 Bxd2 57. Kxd2 g4 58. hxg4 fxg4 59.
fxg4 hxg4 60. Nf2 Be6 61. Nd3 Bd5 62. Nxf4 Bc6 63. Kd3 Kf6 64. Kd4 Kf5 65. g3
Bb7 66. Nd3 Ba6 67. Nb4 Be2 68. Ke3 Bf1 69. Nd5 b5 70. Kd4 Be2 71. Ne3+ Kg5
72. Kc5 {#d} 1/2-1/2

[Event "NIO"]
[Site "Moscow, ID"]
[Date "2006.07.23"]
[Round "4.2"]
[White "Walton, John C"]
[Black "Eacker, David Jonathan"]
[Result "1-0"]
[WhiteElo "1580"]
[BlackElo "1751"]

1. e4 e6 2. d4 d5 3. e5 c5 4. c3 Nc6 5. Nf3 Bd7 6. dxc5 Bxc5 7. Be2 Nge7 8.
Bd3 Ng6 9. Qe2 Qc7 10. Bxg6 hxg6 11. Nbd2 a6 12. Nb3 Be7 13. Nbd4 Rc8 14. Nxc6
Bxc6 15. Nd4 Bd7 16. O-O Bc5 17. Rd1 Ba7 18. Bf4 Qa5 19. Be3 Bb8 20. f4 O-O
21. Qg4 Qd8 22. Nf3 Bb5 23. Ng5 Re8 24. Qh4 Be2 25. Qh7+ Kf8 26. Qh8+ Ke7 27.
Qxg7 Rf8 28. Qf6+ Kd7 29. Qxd8+ Kxd8 30. Rd2 Bb5 31. a4 Bd7 32. Nh7 Rh8 33.
Nf6 Ke7 34. Nxd7 Kxd7 35. Rc1 Ke7 36. b4 Rc4 37. Bc5+ Kd7 38. Rd4 Rxd4 39.
cxd4 Bc7 40. a5 Rc8 41. Rf1 Rh8 42. Rf3 Bd8 43. g4 Rh4 44. h3 Be7 45. Kg2 Bxc5
46. bxc5 Kc6 47. Rb3 Rh8 48. Kg3 Rh7 49. Rb6+ Kc7 50. c6 {#r} 1-0

[Event "NIO"]
[Site "Moscow, ID"]
[Date "2006.07.23"]
[Round "4.3"]
[White "Martin, Robert A"]
[Black "Anderson, Mark"]
[Result "0-1"]
[WhiteElo "1743"]
[BlackElo "1738"]

1. Nf3 Nf6 2. c4 c5 3. g3 g6 4. Bg2 Bg7 5. O-O O-O 6. Nc3 Nc6 7. d3 Rb8 8. Be3
d6 9. Qc1 Re8 10. Bd2 Bd7 11. Ng5 a6 12. Nge4 Nxe4 13. Bxe4 b5 14. cxb5 axb5
15. Bg2 Nd4 16. e3 Nc6 17. f4 Qc8 18. a4 bxa4 19. Nxa4 Nb4 20. Bxb4 Rxb4 21.
Nc3 Bc6 22. Bxc6 Qxc6 23. Ra2 Reb8 24. Qd2 Qb7 25. Rf2 Bxc3 26. bxc3 Rb1+ 27.
Rf1 Rxf1+ 28. Kxf1 Qf3+ {#R} 0-1

[Event "NIO"]
[Site "Moscow, ID"]
[Date "2006.07.23"]
[Round "4.5"]
[White "Mundee, Rickard A"]
[Black "Roland, Jeffrey T"]
[Result "0-1"]
[WhiteElo "1600"]
[BlackElo "1700"]

1. Nf3 Nf6 2. d4 d5 3. Bg5 e6 4. Nbd2 Be7 5. e3 Nbd7 6. Bd3 h6 7. Bh4 O-O 8.
c3 Re8 9. Qc2 c5 10. h3 c4 11. Be2 b5 12. b4 cxb3 13. axb3 Qb6 14. O-O Bb7 15.
c4 dxc4 16. bxc4 Qc6 17. Rfc1 b4 18. Bf1 a5 19. Ne5 Nxe5 20. dxe5 Nd7 21. Bxe7
Rxe7 22. f4 Nc5 23. Nf3 Qe4 24. Qxe4 Bxe4 25. Ra2 b3 26. Rb2 a4 27. Nd4 a3 28.
Rxb3 Nxb3 29. Nxb3 Rb7 30. Nd2 a2 31. Ra1 Bb1 32. c5 Rb4 33. Bc4 Rb2 34. Nb3
Be4 35. Nc1 Rb1 36. Rxa2 Rxc1+ {#R} 0-1

[Event "NIO"]
[Site "Moscow, ID"]
[Date "2006.07.23"]
[Round "4.6"]
[White "Keele, Stephen"]
[Black "McCourt, Daniel J"]
[Result "1-0"]
[WhiteElo "1099"]
[BlackElo "1685"]

1. e4 e5 2. Nf3 d6 3. Bb5+ c6 4. Ba4 Be7 5. d3 Nf6 6. Nc3 Nbd7 7. Bg5 Nc5 8.
Qe2 Ne6 9. Bh4 Nf4 10. Qf1 Bd7 11. O-O-O b5 12. Bb3 a5 13. a3 c5 14. Ng5 O-O
15. d4 c4 16. Ba2 b4 17. Qxc4 bxc3 18. Nxf7 cxb2+ 19. Kb1 Be6 20. Nxd8 Bxc4
21. Bxc4+ Kh8 22. Nf7+ Rxf7 23. Bxf7 Rf8 24. Bb3 Ng6 25. Bg3 Nxe4 26. Rde1
Nd2+ 27. Kxb2 Rb8 28. Kc3 Nxb3 29. cxb3 exd4+ 30. Kxd4 Kg8 31. Rb1 Kf7 32. b4
Rb5 33. Kc4 Rf5 {#r} 1-0

[Event "NIO"]
[Site "Moscow, ID"]
[Date "2006.07.23"]
[Round "5.1"]
[White "Anderson, Mark"]
[Black "Barredo, Wilson Indoc"]
[Result "0-1"]
[WhiteElo "1738"]
[BlackElo "1673"]

1. Nf3 Nf6 2. d4 g6 3. c4 Bg7 4. Nc3 O-O 5. e4 d6 6. h3 Nbd7 7. Bg5 h6 8. Be3
e5 9. d5 Nh5 10. Qd2 Kh7 11. Bd3 a6 12. g4 Qf6 13. Be2 Nf4 14. O-O-O Rh8 15.
Rdg1 Nc5 16. h4 b5 17. g5 Qe7 18. Kc2 b4 19. Nd1 Nxe4 20. Qe1 Bf5 21. Kc1 h5
22. Nd2 Nc5 23. Bxc5 dxc5 24. Qf1 Qe8 25. Ne3 e4 26. Rg3 Qe5 27. Nd1 a5 28.
Re3 a4 29. Nf3 Nxe2+ 30. Rxe2 Qf4+ 31. Nd2 a3 32. Ne3 axb2+ 33. Kb1 Ra3 34.
Nxf5 Qxf5 35. Re3 Rha8 36. Rxa3 Rxa3 37. Qg2 e3+ 38. Ne4 exf2 39. Rf1 b3 40.
axb3 Ra1+ 41. Kc2 Rxf1 {#R} 0-1

[Event "NIO"]
[Site "Moscow, ID"]
[Date "2006.07.23"]
[Round "5.2"]
[White "Middaugh, Jon Scott"]
[Black "Walton, John C"]
[Result "1-0"]
[WhiteElo "1912"]
[BlackElo "1580"]

1. d4 Nf6 2. c4 e5 3. dxe5 Ng4 4. Bf4 Bb4+ 5. Nc3 Nc6 6. e4 Ngxe5 7. Nf3 Bxc3+
8. bxc3 Qe7 9. Be2 O-O 10. Nxe5 Nxe5 11. O-O d6 12. Rb1 Re8 13. Bg3 b6 14. f4
Nc6 15. Bf3 Bb7 16. e5 dxe5 17. fxe5 Qc5+ 18. Kh1 Na5 19. Bxb7 Nxb7 20. Qf3
Na5 21. Qxf7+ Kh8 22. Rbd1 Rf8 23. Qd5 Qxc4 24. Rxf8+ Rxf8 25. Qxc4 Nxc4 26.
e6 Nd6 27. Bxd6 cxd6 28. e7 Re8 29. Rxd6 Kg8 30. Rd7 a6 31. Kg1 Kf7 32. Rb7 b5
33. Ra7 Rxe7 34. Rxa6 Re3 35. Rc6 Re1+ 36. Kf2 Rc1 37. Rc5 b4 38. cxb4 {#r}
1-0

[Event "NIO"]
[Site "Moscow, ID"]
[Date "2006.07.23"]
[Round "5.3"]
[White "Meservy, Tyler James"]
[Black "Eacker, David Jonathan"]
[Result "1/2-1/2"]
[WhiteElo "1701"]
[BlackElo "1751"]

1. d4 d5 2. c4 e6 3. e3 Nf6 4. Nc3 c6 5. Nf3 Bd6 6. Bd3 Nbd7 7. O-O O-O 8. b3
Qe7 9. cxd5 exd5 10. Re1 Ne4 11. Qc2 Ndf6 12. Bb2 Re8 13. Ne5 Nxc3 14. Bxc3
Be6 15. h3 g6 16. f4 Ne4 17. Bxe4 dxe4 18. Qxe4 f5 19. Qc2 Bd5 20. Rad1 {#d}
1/2-1/2

[Event "NIO"]
[Site "Moscow, ID"]
[Date "2006.07.23"]
[Round "5.4"]
[White "Roland, Jeffrey T"]
[Black "Keele, Stephen"]
[Result "1-0"]
[WhiteElo "1700"]
[BlackElo "1099"]

1. e4 e5 2. Nf3 Nc6 3. Bb5 a6 4. Ba4 Nf6 5. O-O Bc5 6. c3 Ng4 7. d4 exd4 8.
cxd4 Bxd4 9. Nxd4 Nxd4 10. Qxg4 O-O 11. Qd1 c5 12. Be3 Nc6 13. Nc3 b5 14. Bc2
b4 15. Nd5 a5 16. f4 Ba6 17. Rf3 Nd4 18. Bxd4 cxd4 19. Qxd4 Rc8 20. Bb3 Re8
21. Rg3 g6 22. Nf6+ Kf8 23. Nxh7+ Kg8 24. Rxg6+ {#r} 1-0

[Event "NIO"]
[Site "Moscow, ID"]
[Date "2006.07.23"]
[Round "5.6"]
[White "McCourt, Daniel J"]
[Black "Harris, Brent C"]
[Result "1-0"]
[WhiteElo "1685"]
[BlackElo "619"]

1. e4 e5 2. Nf3 Nc6 3. d4 Bd6 4. Bc4 Nf6 5. O-O Nxe4 6. Re1 O-O 7. Rxe4 Re8 8.
Ng5 Re7 9. Nxf7 Rxf7 10. Bxf7+ Kxf7 11. Qh5+ g6 12. Qxh7+ Ke6 13. Qxg6+ Kd5
14. Nc3+ Kc4 15. Qf7+ Kb4 16. Qb3+ Ka5 17. Qb5# 1-0

[Event "NIO (Rated Game)"]
[Site "Moscow, ID"]
[Date "2006.07.22"]
[Round "0"]
[White "Nielsen, Christopher Joel"]
[Black "Keele, Stephen"]
[Result "0-1"]
[BlackElo "1099"]

{(This "rated game" was played during the 3rd round of the tournament when
neither player had a game (Keele had a Half-point Bye, and Nielsen had
withdrawn from the event) to give both players more experience with rated
chess. The time control was G/2, but the game was actually finished in less
than 45 minutes. This game was not part of the actual tournament, but was
rated as a separate section as a stand-alone game.--Jeff Roland)} 1. e4 e5 2.
d3 Nc6 3. g3 Bb4+ 4. c3 Ba5 5. b4 Bb6 6. Qg4 d5 7. Qxg7 Qf6 8. Qxf6 Nxf6 9.
Bh6 Ng4 10. Bg7 Rg8 11. exd5 Nxf2 12. dxc6 bxc6 13. Bg2 Nxh1 14. Bxh1 Rxg7 15.
Na3 Bf5 16. Nf3 O-O-O 17. Nxe5 Bxd3 18. Nxc6 Re8+ 19. Kd1 Kd7 20. Kd2 Be4 21.
Bxe4 Rxe4 22. Nb8+ Kc8 23. Nc6 Rg6 24. Nxa7+ Bxa7 25. Rf1 Be3+ 26. Kc2 Rge6
27. Nb5 c6 28. Rxf7 cxb5 29. Rf8+ Re8 30. Rf7 Bg1 31. a4 bxa4 32. b5 a3 33. b6
Bxb6 34. Kb3 Ba5 35. h3 R4e7 36. Rf6 a2 37. Rc6+ Kb7 38. Rc5 a1=Q 39. Rb5+ Ka7
40. c4 Qb1+ 41. Ka4 Qxb5+ 42. Kxb5 Re5+ 43. Kc6 Ka6 44. c5 Rc8+ 45. Kd6 Rcxc5
46. g4 Kb5 47. h4 Re1 48. g5 Rcc1 49. h5 Re2 50. g6 hxg6 51. hxg6 Rg1 52. g7
Rxg7 53. Kd5 Rd7# 0-1


[Site "Coeur d'Alene, ID"]
[Date "2019.10.20"]
[Round "4"]
[White "Cambareri, Michael"]
[Black "Rainey, Sam"]
[Result "1-0"]
[WhiteElo "2053"]
[BlackElo "1598"]

1. e4 b6 2. d4 Bb7 3. Nc3 e6 4. f4 Bb4 5. Bd3 f5 6. Qe2 Qh4+ 7. g3 Qe7 8. Nf3
Nf6 9. e5 Bxc3+ 10. bxc3 Ne4 11. Bb2 O-O 12. O-O-O c5 13. g4 cxd4 14. cxd4 Rc8
15. gxf5 exf5 16. Rhg1 Qb4 17. Nh4 Nc3 18. Bxc3 Qxc3 19. Nxf5 Qa3+ 20. Kd2
Qc3+ 21. Ke3 Nc6 22. Rxg7+ Kf8 23. Qh5 Nxe5 24. fxe5 {#r} 1-0

[Event "North Idaho Open"]
[Site "Coeur d'Alene, ID"]
[Date "2019.10.20"]
[Round "4"]
[White "Burnett, Jeremy"]
[Black "Varner, Murlin"]
[Result "1-0"]
[WhiteElo "1678"]
[BlackElo "1530"]

1. e4 e6 2. d4 d5 3. Nc3 c5 4. exd5 exd5 5. dxc5 d4 6. Nb5 Bxc5 7. Bf4 Bb6 8.
Nd6+ Kf8 9. Bc4 Qe7+ 10. Ne2 Be6 11. Bxe6 Qxe6 12. O-O Nc6 13. Nb5 Rd8 14. a3
Nge7 15. Re1 Qf6 16. Qd2 Ng6 17. Bg5 Qf5 18. Bxd8 Qxb5 19. Bxb6 Qxb6 20. Rad1
Nh4 21. Nxd4 h6 22. Nxc6 Kg8 23. Re8+ Kh7 24. Rxh8+ Kxh8 25. Qd8+ {#r} 1-0

[Event "North Idaho Open"]
[Site "Coeur d'Alene, ID"]
[Date "2019.10.20"]
[Round "4"]
[White "Herr, Griffin"]
[Black "Rainey, Sam"]
[Result "0-1"]
[WhiteElo "1569"]
[BlackElo "1598"]

1. d4 b6 2. e4 Bb7 3. Bd3 e6 4. Nf3 c5 5. b3 cxd4 6. Bb2 d5 7. Nbd2 Nc6 8.
exd5 Qxd5 9. Be4 Qd7 10. O-O Nf6 11. Re1 Bc5 12. Ng5 h6 13. Ngf3 O-O 14. Nc4
Nxe4 15. Rxe4 Rad8 16. a3 b5 17. Nce5 Nxe5 18. Rxe5 Qd6 19. Rh5 a6 20. Qd3 f5
21. c3 Be4 22. Qd2 Bxf3 23. gxf3 e5 24. b4 Qg6+ {#R} 0-1

[Event "North Idaho Open"]
[Site "Coeur d'Alene, ID"]
[Date "2019.10.20"]
[Round "3"]
[White "Porth, Adam"]
[Black "Varner, Murlin"]
[Result "0-1"]
[WhiteElo "1401"]
[BlackElo "1530"]

1. e4 e6 2. Nf3 Bc5 3. d4 Bb6 4. Bc4 Ne7 5. Nc3 O-O 6. Bg5 f6 7. Be3 d5 8.
exd5 exd5 9. Bb3 c6 10. O-O Bg4 11. h3 Bh5 12. Na4 Bc7 13. Nc5 Qc8 14. c4 b6
15. Nd3 dxc4 16. Bxc4+ Kh8 17. Nf4 Bxf4 18. Bxf4 Rd8 19. Re1 Nd5 20. Bxd5 Rxd5
21. Qd3 Nd7 22. Re7 Qf8 23. Rae1 Bxf3 24. Qxf3 Ne5 25. Bxe5 Qxe7 26. Qc3 fxe5
27. Qxc6 Rad8 28. Qc2 Rxd4 29. Re3 Rd1+ 30. Kh2 R1d2 31. Qf5 Rf8 32. Qg4 Rdxf2
33. Kg1 Rf1+ 34. Kh2 Qc7 35. Rg3 R1f4 36. Qe6 e4 37. Qd5 e3 38. Qd1 Rf2 39.
Qe1 Qe5 40. h4 e2 41. h5 Rf1 {#R} 0-1

[Event "North Idaho Open"]
[Site "Coeur d'Alene, ID"]
[Date "2019.10.19"]
[Round "4"]
[White "Raelund, Antonius"]
[Black "Porth, Adam"]
[Result "1-0"]
[WhiteElo "1904"]
[BlackElo "1401"]

1. e4 c6 2. d4 d5 3. exd5 cxd5 4. c4 e6 5. Nf3 Nf6 6. Nc3 Bb4 7. Bg5 Nc6 8.
cxd5 Bxc3+ 9. bxc3 exd5 10. Bb5 O-O 11. Bxc6 bxc6 12. O-O h6 13. Bxf6 Qxf6 14.
Ne5 Qg5 15. Rb1 Bh3 16. Qf3 c5 17. Qxh3 cxd4 18. cxd4 Qd2 19. Qg4 Qxa2 20. Rb7
a5 21. f4 a4 22. f5 Qd2 23. f6 g5 24. h4 a3 25. Qh5 Qxd4+ 26. Kh1 Qxh4+ 27.
Qxh4 gxh4 28. Ra1 a2 29. Nc6 Kh7 30. Ne7 d4 31. Rb2 Ra6 32. Rf2 Rb8 33. Raxa2
Rxa2 34. Rxa2 Rb6 35. Rf2 d3 36. Kh2 d2 37. Rxd2 Rxf6 38. Rd5 Re6 39. Nf5 Re4
40. Kh3 Re6 41. Kxh4 Rg6 42. g4 Re6 43. Rd6 Rg6 44. Rd7 Rf6 45. Kh5 Ra6 46.
Rxf7+ Kh8 47. Nxh6 Rg6 48. Nf5 Ra6 49. g5 Ra5 50. g6 {#r} 1-0

[Event "North Idaho Open"]
[Site "Coeur d'Alene, ID"]
[Date "2019.10.20"]
[Round "3"]
[White "Raelund, Antonius"]
[Black "Cambareri, Michael"]
[Result "0-1"]
[WhiteElo "1904"]
[BlackElo "2053"]

1. e4 e5 2. Nf3 Nc6 3. Bb5 f5 4. exf5 e4 5. Qe2 Qe7 6. Bxc6 dxc6 7. Nd4 Qe5 8.
Ne6 Bxe6 9. fxe6 Bd6 10. Nc3 Nf6 11. d3 exd3 12. cxd3 O-O-O 13. f4 Qxe2+ 14.
Kxe2 Rhe8 15. f5 g6 16. fxg6 Rxe6+ 17. Kd2 hxg6 18. Kc2 Ng4 19. Bg5 Rh8 20. h3
Ne3+ 21. Bxe3 Rxe3 22. Rae1 Rg3 23. Re2 Rg4 24. Rhe1 Rd4 25. Re8+ Rxe8 26.
Rxe8+ Kd7 27. Rg8 Rf4 28. Rxg6 Rf2+ 29. Kb3 Be5 30. h4 Ke7 31. h5 Kf7 32. Rg5
Bf6 33. Rg6 b5 34. d4 Bxd4 35. Rxc6 Rxg2 36. Rxc7+ Kf6 37. Rh7 a6 38. Rd7 Be5
39. Ra7 b4 40. Rxa6+ Ke7 41. Na4 Bd6 42. h6 Rh2 43. h7 Ke6 44. Ra7 Kd5 45.
Nb6+ Kd4 46. Rd7 Kc5 47. Nc4 Rh3+ 48. Ka4 Kxc4 49. Rxd6 Rxh7 50. Rc6+ Kd5 51.
Rc8 Rb7 52. Kb3 Ra7 53. Rc1 Ra8 54. Rc7 Ra6 55. Rc2 Ra8 56. Kxb4 Rxa2 57. Kb5
Kd6 58. Rc6+ Kd7 59. b4 {#R} 0-1

[Event "North Idaho Open"]
[Site "Coeur d'Alene, ID"]
[Date "2019.10.19"]
[Round "2"]
[White "Cambareri, Michael"]
[Black "Burnett, Jeremy"]
[Result "1-0"]
[WhiteElo "2053"]
[BlackElo "1685"]

1. e4 c5 2. Nf3 d6 3. d4 cxd4 4. Nxd4 Nf6 5. Nc3 a6 6. Be3 Ng4 7. Bg5 h6 8.
Bh4 b5 9. f4 g5 10. fxg5 hxg5 11. Bxg5 Nxh2 12. Be2 Nf3+ 13. Nxf3 Rxh1+ 14.
Bf1 Bg4 15. Qd5 Nd7 16. O-O-O Rh5 17. Be2 f6 18. Qg8 Qa5 19. Qg6+ Kd8 20. Be3
b4 21. Nd5 Ne5 22. Nxe5 Bxe2 23. Nc6+ Kd7 24. Nxa5 Bxd1 25. Kxd1 Rh1+ 26. Ke2
{#r} 1-0